000 00685nam a2200253Ia 4500
003 OSt
005 20220912150552.0
006 a|||||r|||| 00| 0
007 ta
008 220909b |||||||| |||| 00| 0 eng d
024 _a57620
037 _cTextual
040 _aCSL
_beng
_cCSL
041 _aeng
082 _aY70a(V:71), M1 CS
100 _aJurmain Robert
245 0 _aUnderstanding physical anthropology and archeology
260 _aNew York
_b West
_c1981
300 _axiv, 511p.
_ccm.
650 _aSociology
700 _a Nelson H
942 _hY70a(V:71), M1 CS
_cTEXL
_2CC
999 _c50275
_d50275